000 00823nam a22001577a 4500
003 OSt
005 20151020110950.0
008 151020b xxu||||| |||| 00| 0 eng d
040 _cRUA
082 _aAVM SEA B089 2009 Or.1
100 _92496
_aSEANG, SOTHEA.
245 _aStudy on degradability of ricestraw and mulato ii on local cattle by using the nylonbagtechnique in defferent medium of feeds (ការសិក្សាអំពីកំរិតរលាយរបស់ចំបើងនិងស្មៅ Mulato II លើគោពូជក្នុងស្រុកដោយប្រើវិធីសាស្រ្តថង់នីឡុងក្នុងមជ្ឃដ្ឋានចំណីខុសគ្នា)
260 _aPhnom Penh
_bRUA
_c2009
300 _axii, 41p.
_bill.
_c29cm.
942 _2ddc
_cAVM
999 _c2349
_d2349